02106nab a22002897a 4500999001500000003000400015005001700019008004100036040000700077100003100084245012700115260007300242300001200315500004200327505098000369505009001349650002901439650002101468650003501489650003001524650003101554650002601585650002001611650002601631773014601657942001301803 c5407d5407OSt20250312092152.0190604e xxu||||| |||| 00| 0 spa d cPJ 96435aGaray, Oscar Ernesto10aNecesidad de una Ley de calidad en la atención de la salud y de seguridad de los y las pacientes /cOscar Ernesto Garay. aCiudad Autónoma de Buenos Aires :bThomson Reuters La Ley, c2024. ap. 3-48 aCita Online: TR LALEY AR/DOC/1530/24. aSumario: I. Introducción.— II. La finalidad de alcanzar la calidad y la seguridad en la atención sanitaria.— III. Marco normativo para la calidad en salud y la seguridad del/de la paciente.— IV. Ética y bioética. Antecedentes acerca de la calidad en la atención de la salud y sobre la seguridad del / de la paciente. Políticas de la OMS/OPS.— V. Planteando objetivos en post de la calidad y seguridad en salud.— VI. Filosofía de la ley. Principios.— VII. Calidad de la atención sanitaria.— VIII. Seguridad de la atención sanitaria. Seguridad de pacientes.— IX. Ámbito de aplicación de la "Ley Nicolás".— X. El equipo de salud.— XI. De las instituciones prestadoras del servicio de salud.— XII. De los registros.— XIII. Acerca de la notificación de eventos adversos.— XIV. La creación del Registro Unificado de Eventos Centinela (RUDEC).— XV. La autoridad de aplicación de la "Ley Nicolás". Funciones.— XVI. Final. t¿Te interesa el texto completo? Solicitalo al correo: koha@justierradelfuego.gov.ar  091253aDERECHO A LA SALUD 094094aBIOÉTICA 091497aCODIGO CIVIL Y COMERCIAL 095365aASISTENCIA MÉDICA 094418aTRATAMIENTO MÉDICO 09614aDERECHOS HUMANOS 093350aMÉDICOS 094193aPROYECTO DE LEY0 0271493171dCiudad Autónoma de Buenos Aires : Thomson Reuters La Ley, 2014-tRevista anales de legislación argentina. Nº 7 - Julio 2024. 2udccANA